00253nam a2200097Ia 4500008004100000020002200041082001700063100001600080245005100096300000800147210430s9999 xx 000 0 und d a978-0-470-24883-6 a620.5 L4771S aYoon S. Lee aSelf-Assembly and Nanotechnology cYoon S. Lee a344